[Event "Europa ch 2014"]
[Site "Yerevan ARM"]
[Date "2014.03.13"]
[Round "10.17"]
[White "Iordachescu, Viorel"]
[Black "Bartel, Mateusz"]
[Result "1/2-1/2"]
[WhiteElo "2583"]
[BlackElo "2662"]
[PlyCount "116"]
[EventDate "2014.03.03"]
[EventType "swiss"]
[EventRounds "11"]
[EventCountry "ARM"]
[Source "lmi"]
[SourceDate "2014.03.02"]

1. e4 e5 2. Bc4 Nf6 3. d3 Nc6 4. Nf3 Bc5 5. c3 a6 6. Bb3 Ba7 7. Nbd2 h6 8. h3
d6 9. Nf1 Be6 10. Ng3 Qd7 11. Ba4 b5 12. Bb3 d5 13. exd5 Nxd5 14. O-O O-O 15.
Re1 Rae8 16. a4 b4 17. a5 bxc3 18. Ba4 f6 19. Ne4 c2 20. Qxc2 Ncb4 21. Qd1 c6
22. Bb3 Rd8 23. Ra3 Rfe8 24. Bc4 Nc7 25. Qb3 Nbd5 26. Ra1 Rb8 27. Qd1 Red8 28.
b3 Nb4 29. Be3 Bxe3 30. Rxe3 Bxc4 31. bxc4 Nxd3 32. Nh4 Nf4 33. Qc2 Nce6 34.
Rg3 Ng5 35. Re1 Nfe6 36. Nf5 Nxe4 37. Qxe4 Ng5 38. Qc2 Qd2 39. Nxh6+ Kf8 40.
Qxd2 Rxd2 41. Nf5 Rbb2 42. h4 Ne6 43. Rf3 Kf7 44. c5 Nxc5 45. Rc1 Rdc2 46. Rxc2
Rxc2 47. h5 e4 48. Rg3 Ne6 49. Nd6+ Ke7 50. Nf5+ Kf7 51. Nd6+ Kf8 52. Nxe4 Rc1+
53. Kh2 Rc4 54. Re3 Nc7 55. g3 Ra4 56. h6 Rxa5 57. hxg7+ Kxg7 58. Rc3 Re5
1/2-1/2

[Event "Europa ch 2014"]
[Site "Yerevan ARM"]
[Date "2014.03.13"]
[Round "10.18"]
[White "Sjugirov, Sanan"]
[Black "Qashashvili, Alexandre"]
[Result "1/2-1/2"]
[WhiteElo "2653"]
[BlackElo "2378"]
[PlyCount "137"]
[EventDate "2014.03.03"]
[EventType "swiss"]
[EventRounds "11"]
[EventCountry "ARM"]
[Source "lmi"]
[SourceDate "2014.03.02"]

1. e4 c5 2. Nf3 d6 3. Bb5+ Bd7 4. Bxd7+ Qxd7 5. O-O Nf6 6. e5 dxe5 7. Nxe5 Qc8
8. Qf3 Nbd7 9. Nc4 e6 10. Nc3 Be7 11. d3 O-O 12. Bf4 Nb6 13. Nd6 Bxd6 14. Bxd6
Re8 15. Be5 Nbd7 16. Bg3 a6 17. Rfe1 Nf8 18. Be5 N6d7 19. Bg3 Ng6 20. Rad1 f6
21. d4 cxd4 22. Rxd4 Nde5 23. Qe2 Nf7 24. Rc4 Qd8 25. Rc7 f5 26. Rd1 Qf6 27.
Rdd7 Rf8 28. Bd6 Nxd6 29. Rxd6 Rad8 30. Qxe6+ Qxe6 31. Rxe6 Rf7 32. Rxf7 Kxf7
33. Re1 Rd2 34. Re2 Rd6 35. Kf1 Nf4 36. Re3 Rd2 37. Rf3 g5 38. g3 Nh3 39. Rxf5+
Kg6 40. Rf6+ Kg7 41. Ne4 Rxc2 42. Rb6 h5 43. Ke1 Rc1+ 44. Ke2 Rh1 45. Rxb7+ Kg6
46. Rb6+ Kf5 47. Nd6+ Ke5 48. Nc4+ Kd4 49. Nd2 g4 50. Rd6+ Ke5 51. Rxa6 Rxh2
52. Ra5+ Kd4 53. Nb3+ Ke4 54. Nc5+ Kd4 55. Nb3+ Ke4 56. Nc5+ Kd4 57. Ne6+ Kc4
58. Rc5+ Kb4 59. Rf5 h4 60. a3+ Kc4 61. Ke3 hxg3 62. Rc5+ Kb3 63. Rb5+ Ka2 64.
fxg3 Rg2 65. a4 Rxg3+ 66. Kd4 Rf3 67. Rb8 g3 68. Rg8 Kxb2 69. Ke4 1/2-1/2

[Event "Europa ch 2014"]
[Site "Yerevan ARM"]
[Date "2014.03.13"]
[Round "10.19"]
[White "Esen, Baris"]
[Black "Sutovsky, Emil"]
[Result "1/2-1/2"]
[WhiteElo "2563"]
[BlackElo "2652"]
[PlyCount "108"]
[EventDate "2014.03.03"]
[EventType "swiss"]
[EventRounds "11"]
[EventCountry "ARM"]
[Source "lmi"]
[SourceDate "2014.03.02"]

1. d4 Nf6 2. Nf3 g6 3. c4 Bg7 4. g3 d5 5. Bg2 dxc4 6. Na3 c3 7. bxc3 O-O 8. O-O
c5 9. e3 Nc6 10. Qe2 Bf5 11. Rd1 Qb6 12. Nd2 cxd4 13. cxd4 Na5 14. h3 Qb4 15.
e4 Be6 16. d5 Nxd5 17. exd5 Bf5 18. Rb1 Bxb1 19. Ndxb1 Rac8 20. Qg4 Qxg4 21.
hxg4 a6 22. Bd2 Nc4 23. Nxc4 Rxc4 24. Re1 Rfc8 25. d6 exd6 26. Bxb7 Rb8 27. Bd5
Rxg4 28. Bb3 Be5 29. Kg2 Rd4 30. Bc3 Rd3 31. Bxe5 dxe5 32. Rxe5 Rb6 33. Na3 h5
34. Nc4 Rf6 35. Re2 Kg7 36. Ne5 Rc3 37. Re4 g5 38. Rd4 Rf5 39. Nd3 a5 40. Bd1
h4 41. gxh4 gxh4 42. Nf4 Rg5+ 43. Kh2 Rb5 44. Bb3 Rb4 45. Rxb4 axb4 46. Nd5 Rd3
47. f4 Rf3 48. Kg2 Rg3+ 49. Kf2 Rg4 50. Bd1 Rg6 51. Bc2 Rc6 52. Bb3 Rg6 53. Bc2
Rd6 54. Bb3 Rg6 1/2-1/2

[Event "Europa ch 2014"]
[Site "Yerevan ARM"]
[Date "2014.03.13"]
[Round "10.20"]
[White "Bacrot, Etienne"]
[Black "Anton Guijarro, David"]
[Result "0-1"]
[WhiteElo "2739"]
[BlackElo "2559"]
[PlyCount "96"]
[EventDate "2014.03.03"]
[EventType "swiss"]
[EventRounds "11"]
[EventCountry "ARM"]
[Source "lmi"]
[SourceDate "2014.03.02"]

1. d4 Nf6 2. c4 g6 3. Nc3 Bg7 4. e4 d6 5. f3 O-O 6. Nge2 c5 7. d5 e6 8. Ng3
exd5 9. cxd5 a6 10. a4 Ne8 11. Bd3 Nd7 12. O-O Ne5 13. Be2 h5 14. Be3 h4 15.
Nh1 f5 16. Qd2 Nf6 17. Nf2 h3 18. Nxh3 fxe4 19. f4 Nf3+ 20. Bxf3 exf3 21. Rxf3
Bg4 22. Rg3 Qd7 23. Ng5 b5 24. h3 Bf5 25. Kh2 b4 26. Nd1 Qb7 27. Nf2 Qxd5 28.
Qe2 Qc6 29. Qc4+ Qd5 30. Qe2 Rac8 31. Rd1 Qc6 32. Ng4 Bxg4 33. hxg4 Rfe8 34.
Qd3 d5 35. Bxc5 Qxc5 36. Qxg6 Re7 37. Nf3 Qd6 38. Nh4 Qxf4 39. Nf5 Rce8 40.
Rdd3 Qc7 41. Rdf3 Rf8 42. g5 Ng4+ 43. Kh3 Rxf5 44. Rxf5 Ne3 45. Rf2 Qd7+ 46.
Kh4 Re6 47. Rf6 Re4+ 48. Kh5 Nxg2 0-1

[Event "Europa ch 2014"]
[Site "Yerevan ARM"]
[Date "2014.03.13"]
[Round "10.21"]
[White "Jobava, Baadur"]
[Black "Salgado Lopez, Ivan"]
[Result "1-0"]
[WhiteElo "2716"]
[BlackElo "2605"]
[PlyCount "123"]
[EventDate "2014.03.03"]
[EventType "swiss"]
[EventRounds "11"]
[EventCountry "ARM"]
[Source "lmi"]
[SourceDate "2014.03.02"]

1. d4 Nf6 2. Nc3 d5 3. Bf4 Bf5 4. f3 e6 5. g4 Bg6 6. h4 h6 7. e3 c6 8. h5 Bh7
9. Bd3 Bxd3 10. Qxd3 Bd6 11. Nge2 Bxf4 12. exf4 Nbd7 13. Qe3 Qe7 14. Nc1 Nb6
15. b3 Qa3 16. Kf2 O-O-O 17. Kg3 Nfd7 18. Nd3 Rde8 19. Qc1 Qd6 20. Ne5 Rhf8 21.
a4 Nxe5 22. fxe5 Qc7 23. a5 Nd7 24. Qe3 f6 25. f4 Rf7 26. Ne2 c5 27. c3 fxe5
28. dxe5 Kb8 29. b4 Rc8 30. Rhb1 Qd8 31. a6 b6 32. c4 d4 33. Qe4 Qc7 34. b5
Rcf8 35. Ra3 Kc8 36. Rbb3 Kd8 37. Rf3 Ke7 38. Nc1 Qb8 39. Nd3 Qa8 40. Qb7 Rb8
41. Qxa8 Rxa8 42. Ra1 Nf8 43. Nf2 Nh7 44. Ne4 Rg8 45. Rh1 Rff8 46. Kf2 Rf7 47.
Nd6 Rff8 48. Ne4 Rf7 49. Ke2 Rff8 50. Rf2 Rh8 51. Kd3 Rf7 52. Rhf1 Rg8 53. g5
g6 54. Nf6 Nxf6 55. gxf6+ Kf8 56. hxg6 Rxg6 57. f5 Rg3+ 58. Rf3 Rxf3+ 59. Rxf3
exf5 60. Rxf5 Rd7 61. e6 Rd6 62. e7+ 1-0

[Event "Europa ch 2014"]
[Site "Yerevan ARM"]
[Date "2014.03.13"]
[Round "10.22"]
[White "Areshchenko, Alexander"]
[Black "Zhigalko, Andrey"]
[Result "1-0"]
[WhiteElo "2705"]
[BlackElo "2603"]
[PlyCount "71"]
[EventDate "2014.03.03"]
[EventType "swiss"]
[EventRounds "11"]
[EventCountry "ARM"]
[Source "lmi"]
[SourceDate "2014.03.02"]

1. e4 c5 2. Nf3 e6 3. d4 cxd4 4. Nxd4 Nc6 5. Nc3 Qc7 6. Be2 Nf6 7. O-O Be7 8.
Be3 O-O 9. f4 d6 10. Kh1 a6 11. Qe1 Nxd4 12. Bxd4 b5 13. a3 Bb7 14. Qg3 Rad8
15. Rae1 Bc6 16. Bd3 Rfe8 17. Re2 Qb7 18. Qh3 Nd7 19. e5 Nf8 20. exd6 Rxd6 21.
Be5 Rdd8 22. Ne4 a5 23. f5 f6 24. Bg3 e5 25. Bf2 Rc8 26. Qg4 Red8 27. Re3 Be8
28. Rg3 g5 29. h4 h6 30. hxg5 hxg5 31. Be3 Nh7 32. Bxg5 fxg5 33. f6 Qd7 34.
Nxg5 Nxf6 35. Qh4 Nh5 36. Nf7+ 1-0

[Event "Europa ch 2014"]
[Site "Yerevan ARM"]
[Date "2014.03.13"]
[Round "10.23"]
[White "Jianu, Vlad-Cristian"]
[Black "Almasi, Zoltan"]
[Result "1/2-1/2"]
[WhiteElo "2574"]
[BlackElo "2704"]
[PlyCount "163"]
[EventDate "2014.03.03"]
[EventType "swiss"]
[EventRounds "11"]
[EventCountry "ARM"]
[Source "lmi"]
[SourceDate "2014.03.02"]

1. Nf3 Nf6 2. c4 e6 3. g3 d5 4. b3 Be7 5. Bg2 O-O 6. O-O c5 7. Bb2 Nc6 8. e3 b6
9. Nc3 dxc4 10. bxc4 Bb7 11. Qe2 Qc7 12. Rfd1 Rad8 13. Rac1 a6 14. d3 Rd7 15.
a3 Na5 16. Ba1 Nb3 17. Rb1 Nxa1 18. Rxa1 Rb8 19. Rab1 Bc6 20. Rb3 Rdd8 21. Rdb1
Nd7 22. Ne1 Bxg2 23. Kxg2 Bf6 24. Ne4 Be7 25. Nc3 Ne5 26. Kg1 Bf6 27. Ne4 Be7
28. Nc3 Bf6 29. Ne4 Be7 30. Nc3 Rb7 31. f4 Nc6 32. Rc1 Qb8 33. Rcb1 Qc7 34. Rc1
Rdb8 35. Nf3 b5 36. cxb5 axb5 37. Ne4 c4 38. dxc4 Na5 39. Rbc3 bxc4 40. Ne5 Rb2
41. R1c2 Rxc2 42. Qxc2 Bf6 43. Nxf6+ gxf6 44. Nf3 Rb6 45. Qe4 Rb2 46. Qd4 Kg7
47. g4 Qb6 48. Qxb6 Rxb6 49. Nd2 f5 50. gxf5 exf5 51. Kf2 Rb2 52. Ke1 Ra2 53.
Nxc4 Nxc4 54. Rxc4 Rxh2 55. Rc5 Kg6 56. a4 Ra2 57. a5 f6 58. Kf1 h5 59. Rb5 h4
60. Kg1 h3 61. Rc5 Rg2+ 62. Kh1 Re2 63. a6 Ra2 64. Rc6 Ra3 65. Kh2 Rxe3 66. Rc8
Ra3 67. Ra8 Kh7 68. Ra7+ Kh6 69. Ra8 Kg6 70. Rg8+ Kh5 71. a7 Rxa7 72. Kxh3 Ra3+
73. Kg2 Kh6 74. Kf2 Ra7 75. Kf3 Rg7 76. Rxg7 Kxg7 77. Kf2 Kf7 78. Ke3 Kg6 79.
Kf3 Kh6 80. Kf2 Kg7 81. Kf3 Kf7 82. Ke3 1/2-1/2

[Event "Europa ch 2014"]
[Site "Yerevan ARM"]
[Date "2014.03.13"]
[Round "10.26"]
[White "Mastrovasilis, Athanasios"]
[Black "Riazantsev, Alexander"]
[Result "0-1"]
[WhiteElo "2554"]
[BlackElo "2689"]
[PlyCount "142"]
[EventDate "2014.03.03"]
[EventType "swiss"]
[EventRounds "11"]
[EventCountry "ARM"]
[Source "lmi"]
[SourceDate "2014.03.02"]

1. c4 e6 2. Nc3 b6 3. e4 Bb7 4. Nf3 Nf6 5. e5 Ne4 6. Qe2 Nxc3 7. dxc3 d6 8. Bf4
dxe5 9. Rd1 Bd6 10. Bxe5 O-O 11. Bxd6 cxd6 12. Qd2 d5 13. Be2 Qc7 14. cxd5 Bxd5
15. c4 Bb7 16. O-O Nc6 17. Qd6 Rfc8 18. Qxc7 Rxc7 19. Nd4 Nxd4 20. Rxd4 Kf8 21.
Rfd1 Ke7 22. f4 h6 23. h4 Bc6 24. Kf2 Rb8 25. a3 Rbc8 26. g3 Ba4 27. R1d3 Bc6
28. Rd1 Rg8 29. Ke3 g5 30. fxg5 hxg5 31. Rg4 f6 32. hxg5 Rxg5 33. Rxg5 fxg5 34.
b3 Rc8 35. Bf3 Bd7 36. Rh1 b5 37. Be2 bxc4 38. Bxc4 a5 39. Kd4 a4 40. Rh5 axb3
41. Bxb3 Kf6 42. Rh6+ Kf5 43. g4+ Kxg4 44. Rh7 Rd8 45. Ke5 Bc8 46. Bc4 Rf8 47.
Bd3 Kg3 48. Rg7 g4 49. Be2 Rf4 50. Rc7 Rf5+ 51. Ke4 Rf8 52. Ke5 Rf5+ 53. Ke4
Rf8 54. Ke5 Rg8 55. Rc3+ Kh4 56. Rc7 Kh3 57. Bf1+ Kh2 58. Rc2+ Kg1 59. Bg2 Ba6
60. Be4 Bf1 61. a4 g3 62. a5 Rg5+ 63. Kf4 Rg7 64. Ra2 g2 65. a6 Ra7 66. Kg3
Rg7+ 67. Kf4 Kh2 68. Ke5 Rg5+ 69. Kf4 Ra5 70. Bxg2 Rxa2 71. Bxf1 Rf2+ 0-1

[Event "Europa ch 2014"]
[Site "Yerevan ARM"]
[Date "2014.03.13"]
[Round "10.27"]
[White "Grachev, Boris"]
[Black "Fridman, Daniel"]
[Result "1/2-1/2"]
[WhiteElo "2675"]
[BlackElo "2604"]
[PlyCount "80"]
[EventDate "2014.03.03"]
[EventType "swiss"]
[EventRounds "11"]
[EventCountry "ARM"]
[Source "lmi"]
[SourceDate "2014.03.02"]

1. c4 e6 2. g3 d5 3. Bg2 Nf6 4. Nf3 dxc4 5. Qa4+ c6 6. Qxc4 b5 7. Qb3 Bb7 8.
O-O a6 9. Ne5 Qb6 10. d4 Nbd7 11. Be3 c5 12. Nxd7 Nxd7 13. d5 Bxd5 14. Bxd5
exd5 15. Qxd5 Rd8 16. a4 Be7 17. axb5 axb5 18. Nc3 b4 19. Na4 Qb5 20. Qe4 Nf6
21. Qe5 Rd5 22. Qc7 Bd8 23. Qf4 O-O 24. Rfc1 Be7 25. b3 Qxe2 26. Bxc5 Bxc5 27.
Nxc5 Ng4 28. h3 Ne5 29. Qe4 Qxe4 30. Nxe4 Rd4 31. Nc5 h6 32. Rc2 Rc8 33. Nd7
Nf3+ 34. Kg2 Rxc2 35. Ra8+ Kh7 36. Nf8+ Kg8 37. Ne6+ Kh7 38. Nf8+ Kg8 39. Ng6+
Kh7 40. Nf8+ Kg8 1/2-1/2

[Event "Europa ch 2014"]
[Site "Yerevan ARM"]
[Date "2014.03.13"]
[Round "10.28"]
[White "Khairullin, Ildar"]
[Black "Andriasian, Zaven"]
[Result "1-0"]
[WhiteElo "2657"]
[BlackElo "2600"]
[PlyCount "85"]
[EventDate "2014.03.03"]
[EventType "swiss"]
[EventRounds "11"]
[EventCountry "ARM"]
[Source "lmi"]
[SourceDate "2014.03.02"]

1. d4 Nf6 2. c4 c5 3. d5 e6 4. Nc3 exd5 5. cxd5 d6 6. Nf3 g6 7. Nd2 Bg7 8. e4
O-O 9. Be2 Na6 10. O-O Nc7 11. a4 b6 12. Re1 Re8 13. h3 Rb8 14. Bb5 Re7 15. Bf1
Re8 16. Nc4 Ba6 17. Bg5 h6 18. Bh4 Bxc4 19. Bxc4 a6 20. e5 Rxe5 21. Rxe5 dxe5
22. Bxf6 Bxf6 23. d6 Ne8 24. d7 Nc7 25. Qd6 b5 26. axb5 axb5 27. Ra7 bxc4 28.
Rxc7 Kg7 29. Nd5 Bg5 30. Qxe5+ Kh7 31. g3 h5 32. Rc8 Rxc8 33. dxc8=Q Qxc8 34.
Qxg5 Qxh3 35. Qf6 Qd7 36. Ne3 Kg8 37. Nxc4 Qd1+ 38. Kh2 Qd5 39. Ne3 Qb3 40. Qe5
Qb4 41. Nd5 Qd2 42. Nf6+ Kf8 43. Ne4 1-0

[Event "Europa ch 2014"]
[Site "Yerevan ARM"]
[Date "2014.03.13"]
[Round "10.29"]
[White "Socko, Bartosz"]
[Black "Shomoev, Anton"]
[Result "1/2-1/2"]
[WhiteElo "2654"]
[BlackElo "2581"]
[PlyCount "104"]
[EventDate "2014.03.03"]
[EventType "swiss"]
[EventRounds "11"]
[EventCountry "ARM"]
[Source "lmi"]
[SourceDate "2014.03.02"]

1. d4 g6 2. e4 Bg7 3. Nc3 d6 4. Nge2 Nc6 5. d5 Ne5 6. f4 Nd7 7. Be3 Ngf6 8. h3
O-O 9. g4 c6 10. Bg2 Nb6 11. dxc6 bxc6 12. b3 Ba6 13. Qd2 e5 14. fxe5 dxe5 15.
Qxd8 Rfxd8 16. Kf2 Nfd7 17. Rhd1 Nf8 18. a4 Bf6 19. g5 Be7 20. Ng1 Rxd1 21.
Rxd1 Rd8 22. Nf3 Rxd1 23. Nxd1 f6 24. gxf6 Bxf6 25. Nb2 Kf7 26. c4 Nc8 27. Nd3
Nd7 28. h4 Nd6 29. Ng5+ Ke7 30. Kg3 h6 31. Nh3 Nb7 32. Bxh6 Nbc5 33. Nc1 Ne6
34. Bd2 Nd4 35. Nf2 Bb7 36. c5 Nf8 37. Bf1 Bxh4+ 38. Kg2 Nfe6 39. Ng4 Bg5 40.
Bxg5+ Nxg5 41. Nxe5 Nxe4 42. Nxg6+ Kf6 43. Nf4 Nxc5 44. Bc4 Ke5 45. Nfd3+ Nxd3
46. Nxd3+ Kd6 47. Kf2 c5 48. Ke3 Bd5 49. Bxd5 Kxd5 50. Nc1 a5 51. Kd3 Nxb3 52.
Nxb3 c4+ 1/2-1/2

[Event "Europa ch 2014"]
[Site "Yerevan ARM"]
[Date "2014.03.13"]
[Round "10.30"]
[White "Zvjaginsev, Vadim"]
[Black "Huzman, Alexander"]
[Result "1-0"]
[WhiteElo "2653"]
[BlackElo "2569"]
[PlyCount "109"]
[EventDate "2014.03.03"]
[EventType "swiss"]
[EventRounds "11"]
[EventCountry "ARM"]
[Source "lmi"]
[SourceDate "2014.03.02"]

1. e4 c5 2. c3 Nf6 3. e5 Nd5 4. Nf3 Nc6 5. Bc4 Nb6 6. Bb3 d6 7. exd6 Qxd6 8.
O-O Be6 9. Na3 Bxb3 10. axb3 Qd3 11. Re1 e6 12. Re3 Qd7 13. Nc4 Nd5 14. Re1 Be7
15. d4 cxd4 16. Nxd4 O-O 17. Nxc6 Qxc6 18. Ne5 Qc7 19. Ra4 b5 20. Rg4 Bf6 21.
Nf3 Rfd8 22. Qe2 Qc6 23. h4 b4 24. c4 Ne7 25. Bg5 Bxg5 26. Nxg5 Nf5 27. Re4 Qd7
28. Nf3 Qd3 29. Rxe6 Qxe2 30. R6xe2 g6 31. h5 Rd3 32. Rd2 Rxd2 33. Nxd2 Rd8 34.
Ne4 gxh5 35. Nf6+ Kf8 36. Nd5 a5 37. Ra1 Ne7 38. Rxa5 Nxd5 39. cxd5 Rc8 40. Rb5
Rc1+ 41. Kh2 Rc2 42. Kg3 Rxb2 43. Rxb4 Rd2 44. Rb5 Ke7 45. Kf3 Kd6 46. Rb7 f6
47. Rf7 Rxd5 48. Rxf6+ Ke7 49. Rb6 Kf7 50. Kg3 Rg5+ 51. Kh3 Rf5 52. f3 Rf4 53.
b4 Kg7 54. b5 Rf5 55. Rb8 1-0

[Event "Europa ch 2014"]
[Site "Yerevan ARM"]
[Date "2014.03.13"]
[Round "10.31"]
[White "Shimanov, Aleksandr"]
[Black "Palac, Mladen"]
[Result "0-1"]
[WhiteElo "2649"]
[BlackElo "2561"]
[PlyCount "92"]
[EventDate "2014.03.03"]
[EventType "swiss"]
[EventRounds "11"]
[EventCountry "ARM"]
[Source "lmi"]
[SourceDate "2014.03.02"]

1. c4 e5 2. Nc3 Nf6 3. Nf3 Nc6 4. e3 Bb4 5. Qc2 Bxc3 6. bxc3 e4 7. Ng5 d5 8. f3
exf3 9. Nxf3 Bg4 10. Ba3 Qd7 11. Nd4 O-O-O 12. Qa4 Nxd4 13. Qxd7+ Rxd7 14. cxd4
Re8 15. Bb2 Be6 16. cxd5 Bxd5 17. Rg1 h5 18. Bb5 c6 19. Be2 h4 20. a4 Ne4 21.
Rc1 f5 22. Ba3 Nf6 23. Bd3 Be4 24. Ke2 Bxd3+ 25. Kxd3 Ne4 26. Rgf1 Rd5 27. Rc4
Kd7 28. Rfc1 Re6 29. Rb1 b6 30. Ke2 f4 31. Rg1 fxe3 32. dxe3 Rf5 33. Rc2 Ra5
34. Rgc1 Nf6 35. Kd3 Rxa4 36. Bf8 g6 37. Rf2 Ke8 38. Rcf1 Ng4 39. Rf4 Rxe3+ 40.
Kc2 Nxh2 41. Rd1 g5 42. Rf5 Ra2+ 43. Kb1 Rxg2 44. d5 cxd5 45. Rc1 Nf3 46. Bg7
Nd2+ 0-1

[Event "Europa ch 2014"]
[Site "Yerevan ARM"]
[Date "2014.03.13"]
[Round "10.32"]
[White "Kuzubov, Yuriy"]
[Black "Yilmaz, Mustafa"]
[Result "1-0"]
[WhiteElo "2642"]
[BlackElo "2557"]
[PlyCount "141"]
[EventDate "2014.03.03"]
[EventType "swiss"]
[EventRounds "11"]
[EventCountry "ARM"]
[Source "lmi"]
[SourceDate "2014.03.02"]

1. c4 e5 2. Nc3 Nf6 3. g3 g6 4. Nf3 Nc6 5. d4 exd4 6. Nxd4 Bg7 7. Bg2 O-O 8.
O-O Re8 9. Nxc6 bxc6 10. Qa4 a5 11. Rd1 Ra6 12. c5 Bb7 13. Qh4 Re5 14. Bg5 h6
15. Bxf6 Bxf6 16. Qxh6 Bg5 17. Qh3 Bc8 18. Qg4 Rxc5 19. Qd4 Be7 20. e4 Rb6 21.
b3 Rb4 22. Qe3 Re5 23. Na4 d6 24. f4 Rh5 25. Bf3 Rh8 26. Qa7 Bd7 27. Qxa5 Qb8
28. Rac1 Be8 29. e5 dxe5 30. Qxe5 Bd6 31. Qe3 Bd7 32. Nc3 f5 33. Na4 Rh7 34.
Nc5 Qa7 35. Qf2 Be8 36. Re1 Bf7 37. Bxc6 Qb6 38. Bg2 Rb5 39. Nd3 Qxf2+ 40. Nxf2
Ra5 41. Rc2 Kg7 42. Nd3 Rh8 43. Bf3 Rb8 44. Ne5 Rb6 45. Nxf7 Kxf7 46. Kg2 Kf6
47. h4 Rba6 48. a4 Rb6 49. Re3 Rb4 50. Rd3 Rb8 51. Bc6 Rb4 52. Kf3 Ra6 53. Bb5
Ra8 54. Re2 Rb8 55. Bc4 Ra8 56. Rd5 Rab8 57. Re3 Kg7 58. a5 Ra8 59. a6 Rbb8 60.
Rb5 Rxb5 61. Bxb5 Bc5 62. Re8 Ra7 63. Re6 Bd6 64. Be8 Rxa6 65. Rxg6+ Kf8 66.
Bb5 Ra3 67. Bc4 Ke7 68. h5 Ra2 69. Rg7+ Ke8 70. Rg5 Bc5 71. Rxf5 1-0

[Event "Europa ch 2014"]
[Site "Yerevan ARM"]
[Date "2014.03.13"]
[Round "10.33"]
[White "Goganov, Aleksey"]
[Black "Petrosian, Tigran L"]
[Result "1/2-1/2"]
[WhiteElo "2569"]
[BlackElo "2639"]
[PlyCount "101"]
[EventDate "2014.03.03"]
[EventType "swiss"]
[EventRounds "11"]
[EventCountry "ARM"]
[Source "lmi"]
[SourceDate "2014.03.02"]

1. d4 Nf6 2. c4 e6 3. Nf3 b6 4. g3 Bb7 5. Bg2 Be7 6. Nc3 O-O 7. Qc2 d5 8. cxd5
exd5 9. O-O Nbd7 10. Bf4 c5 11. Rfd1 Rc8 12. dxc5 Nxc5 13. Bh3 Ne6 14. Be5 Nd7
15. Bd4 Rc4 16. b3 Nxd4 17. Nxd4 Rc5 18. Qd2 Nf6 19. Nf5 Re8 20. Bg2 Bf8 21.
Ne3 Qc7 22. Rac1 d4 23. Qxd4 Bxg2 24. Kxg2 Rc8 25. Ned5 Qd6 26. e4 Nxd5 27.
exd5 Qh6 28. d6 Rd8 29. d7 Qe6 30. Rc2 Rc7 31. Rcd2 Qc6+ 32. Nd5 Rcxd7 33. Qe4
Kh8 34. h4 Rd6 35. Qf3 Qb7 36. h5 h6 37. Rd3 b5 38. Nf4 Qxf3+ 39. Kxf3 Rxd3+
40. Rxd3 Rxd3+ 41. Nxd3 g6 42. Ke4 Kg7 43. Ke5 gxh5 44. Nf4 Bc5 45. Nxh5+ Kg6
46. Nf4+ Kg5 47. f3 h5 48. Nh3+ Kg6 49. Nf4+ Kg5 50. Nh3+ Kg6 51. Nf4+ 1/2-1/2

[Event "Europa ch 2014"]
[Site "Yerevan ARM"]
[Date "2014.03.13"]
[Round "10.34"]
[White "Postny, Evgeny"]
[Black "Nigalidze, Gaioz"]
[Result "1-0"]
[WhiteElo "2635"]
[BlackElo "2527"]
[PlyCount "137"]
[EventDate "2014.03.03"]
[EventType "swiss"]
[EventRounds "11"]
[EventCountry "ARM"]
[Source "lmi"]
[SourceDate "2014.03.02"]

1. d4 Nf6 2. c4 e6 3. Nf3 d5 4. g3 Bb4+ 5. Bd2 Be7 6. Bg2 O-O 7. O-O c6 8. Qc2
b6 9. Rd1 Bb7 10. Bf4 Nbd7 11. Nc3 Nh5 12. Bc1 Nhf6 13. b3 c5 14. cxd5 Nxd5 15.
Nxd5 exd5 16. Bb2 Rc8 17. dxc5 Nxc5 18. Bh3 Ne6 19. Qd2 Re8 20. Rac1 Rxc1 21.
Rxc1 Nc5 22. Qf4 Bd6 23. Qd4 f6 24. Qd1 a5 25. Nd4 g6 26. a3 Be5 27. b4 axb4
28. axb4 Qe7 29. Bg2 Ne4 30. Qb3 Nd2 31. Qd3 Nc4 32. Bc3 Kg7 33. e3 Bd6 34. b5
Rc8 35. Bh3 Ne5 36. Qd1 Rc4 37. Bg2 Bc5 38. Bb2 h5 39. Ra1 Rb4 40. Bc3 Rc4 41.
Bb2 Rb4 42. Ba3 Rc4 43. Bxc5 Rxc5 44. Ra7 Kh6 45. h3 Rc7 46. Qd2 Nc4 47. Qe2
Nd6 48. Qf3 Kg7 49. Qf4 Bc8 50. Nc6 Qd7 51. Rxc7 Qxc7 52. Qb4 Bd7 53. Bxd5 Bxh3
54. e4 Nb7 55. Qd4 Nc5 56. e5 fxe5 57. Nxe5 Ne6 58. Bxe6 Bxe6 59. Nd7+ Kg8 60.
Nxb6 Qc1+ 61. Kh2 Qf1 62. Qd8+ Kh7 63. Qe7+ Kh6 64. Qf8+ Kh7 65. Qe7+ Kh6 66.
Qf6 Bf5 67. Qh8+ Kg5 68. Qd4 Qxb5 69. f4+ 1-0

[Event "Europa ch 2014"]
[Site "Yerevan ARM"]
[Date "2014.03.13"]
[Round "10.36"]
[White "Oparin, Grigoriy"]
[Black "Tregubov, Pavel V"]
[Result "1-0"]
[WhiteElo "2526"]
[BlackElo "2614"]
[PlyCount "81"]
[EventDate "2014.03.03"]
[EventType "swiss"]
[EventRounds "11"]
[EventCountry "ARM"]
[Source "lmi"]
[SourceDate "2014.03.02"]

1. e4 c5 2. Nf3 Nc6 3. Nc3 Nf6 4. d4 cxd4 5. Nxd4 e5 6. Ndb5 d6 7. Nd5 Nxd5 8.
exd5 Nb8 9. c4 Be7 10. Bd3 O-O 11. O-O a6 12. Nc3 f5 13. f3 Nd7 14. Be3 Bg5 15.
Bf2 b6 16. b4 Bb7 17. Qc2 g6 18. Kh1 Kh8 19. Rab1 Rc8 20. a4 Qe7 21. Bg1 Qg7
22. Rb3 Bf6 23. Qd2 Ba8 24. Rc1 Rc7 25. Be3 Rb8 26. Rcb1 Qg8 27. Bf1 Qc8 28. a5
bxa5 29. b5 Rxc4 30. Bxc4 Qxc4 31. b6 Bb7 32. Ne2 e4 33. fxe4 Qxe4 34. Rc1 Ne5
35. Rbc3 Ng4 36. Ng3 Qb4 37. Rc7 Nxe3 38. Qxe3 Bxd5 39. Qh6 Bg8 40. Nxf5 Rxb6
41. Rxh7+ 1-0

[Event "Europa ch 2014"]
[Site "Yerevan ARM"]
[Date "2014.03.13"]
[Round "10.37"]
[White "Pashikian, Arman"]
[Black "Neverov, Valeriy"]
[Result "1-0"]
[WhiteElo "2612"]
[BlackElo "2508"]
[PlyCount "129"]
[EventDate "2014.03.03"]
[EventType "swiss"]
[EventRounds "11"]
[EventCountry "ARM"]
[Source "lmi"]
[SourceDate "2014.03.02"]

1. Nf3 c5 2. c4 Nc6 3. d4 cxd4 4. Nxd4 Nf6 5. Nc3 g6 6. e4 d6 7. Be2 Nxd4 8.
Qxd4 Bg7 9. Bg5 h6 10. Be3 O-O 11. Qd2 Kh7 12. O-O Be6 13. Rac1 Qa5 14. f3 Rac8
15. b3 a6 16. Rfd1 Rfe8 17. Rc2 Nd7 18. Rb1 Qb4 19. Qc1 f5 20. Nd5 Bxd5 21. a3
Qa5 22. b4 Qa4 23. exd5 Nf6 24. Bd3 e6 25. dxe6 Rxe6 26. Bf2 Rce8 27. Ra2 h5
28. Qd1 Qd7 29. Bf1 Bh6 30. Qd4 Bg7 31. Qd3 Qe7 32. Rd1 Nd7 33. Qd5 Nf6 34. Qa5
Bh6 35. Qb6 d5 36. Qc5 dxc4 37. Qxc4 Be3 38. a4 Bxf2+ 39. Rxf2 Rc6 40. Qd4 Rec8
41. Re2 Re6 42. Rxe6 Qxe6 43. h4 Rc7 44. Qf4 Rd7 45. Rxd7+ Nxd7 46. a5 Ne5 47.
Qd4 Nc6 48. Qb6 Qe7 49. b5 axb5 50. a6 bxa6 51. Qxc6 Qxh4 52. Qc7+ Kh6 53. Qe5
Kh7 54. Qd6 Kg7 55. Qc7+ Kh6 56. Qe5 Kh7 57. f4 Qg3 58. Qe7+ Kh6 59. Qf8+ Kh7
60. Qe7+ Kh6 61. Qb4 Qe3+ 62. Kh2 h4 63. Qf8+ Kh5 64. Be2+ Qxe2 65. Qf6 1-0